Actors who worked with Jake Kasdan - Statistics

General Stats
  • This quiz has been taken 7 times
  • The average score is 13 of 72
Answer Stats
Film(s) Answer % Correct
Bad Teacher, Sex Tape Cameron Diaz
100%
Jumanji: Welcome to the Jungle, Jumanji: The Next Level, Red One Dwayne Johnson
100%
Orange County, Walk Hard: The Dewey Cox Story, Sex Tape, Jumanji: Welcome to the Jungle, Jumanji: The Next Level Jack Black
100%
Jumanji: Welcome to the Jungle, Jumanji: The Next Level Kevin Hart
100%
Red One Chris Evans
75%
Bad Teacher, Sex Tape Jason Segel
75%
Red One J. K. Simmons
75%
Orange County, Jumanji: Welcome to the Jungle, Jumanji: The Next Level Colin Hanks
50%
Jumanji: The Next Level Danny Devito
50%
Jumanji: The Next Level Danny Glover
50%
Walk Hard: The Dewey Cox Story John C. Reilly
50%
Jumanji: Welcome to the Jungle, Jumanji: The Next Level Karen Gillan
50%
Red One Lucy Liu
50%
Jumanji: Welcome to the Jungle, Jumanji: The Next Level Alex Wolff
25%
Jumanji: The Next Level Awkwafina
25%
Jumanji: Welcome to the Jungle Bobby Cannavale
25%
Orange County Catherine O'Hara
25%
The TV Set David Duchovny
25%
Walk Hard: The Dewey Cox Story Harold Ramis
25%
Walk Hard: The Dewey Cox Story Jenna Fischer
25%
Orange County John Lithgow
25%
Bad Teacher Justin Timberlake
25%
Red One Kiernan Shipka
25%
Orange County Leslie Mann
25%
Jumanji: Welcome to the Jungle, Jumanji: The Next Level Nick Jonas
25%
Walk Hard: The Dewey Cox Story Rance Howard
25%
Orange County Schuyler Fisk
25%
Jumanji: The Next Level Bebe Neuwirth
0%
Zero Effect Ben Stiller
0%
Zero Effect Bill Pullman
0%
Red One Bonnie Hunt
0%
Orange County Chevy Chase
0%
Walk Hard: The Dewey Cox Story Craig Robinson
0%
Walk Hard: The Dewey Cox Story David Krumholtz
0%
Walk Hard: The Dewey Cox Story Ed Helms
0%
Sex Tape Ellie Kemper
0%
Bad Teacher Finneas O'Connell
0%
The TV Set Fran Kranz
0%
The TV Set Ioan Gruffudd
0%
Walk Hard: The Dewey Cox Story Jack White
0%
Walk Hard: The Dewey Cox Story Jane Lynch
0%
Walk Hard: The Dewey Cox Story Jason Schwartzman
0%
Walk Hard: The Dewey Cox Story, Bad Teacher John Michael Higgins
0%
The TV Set Judy Greer
0%
The TV Set Justine Bateman
0%
Walk Hard: The Dewey Cox Story Justin Long
0%
Bad Teacher Kathryn Newton
0%
Walk Hard: The Dewey Cox Story Kristen Wiig
0%
Red One Kristofer Hivju
0%
Sex Tape Kumail Nanjiani
0%
Orange County Lily Tomlin
0%
The TV Set Lindsay Sloane
0%
The TV Set Lucy Davis
0%
Bad Teacher Lucy Punch
0%
Jumanji: Welcome to the Jungle, Jumanji: The Next Level Madison Iseman
0%
Orange County Mike White
0%
Jumanji: Welcome to the Jungle, Jumanji: The Next Level Morgan Turner
0%
Orange County, The TV Set, Walk Hard: The Dewey Cox Story, Bad Teacher, Sex Tape Nat Faxon
0%
Red One Nick Kroll
0%
Walk Hard: The Dewey Cox Story Paul Rudd
0%
Bad Teacher Phyllis Smith
0%
Sex Tape Randall Park
0%
Walk Hard: The Dewey Cox Story Raymond J. Barry
0%
Jumanji: Welcome to the Jungle, Jumanji: The Next Level Rhys Darby
0%
Sex Tape Rob Corddry
0%
Sex Tape Rob Lowe
0%
Jumanji: The Next Level Rory McCann
0%
Zero Effect Ryan O'Neal
0%
Jumanji: Welcome to the Jungle, Jumanji: The Next Level Ser'Darius Blain
0%
The TV Set Seth Green
0%
The TV Set Sigourney Weaver
0%
Walk Hard: The Dewey Cox Story Tim Meadows
0%
No matching quizzes found
Score Distribution
Percent of People with Each Score
Percentile by Number Answered
Your Score History
You have not taken this quiz